01113nam a2200289 a 450000500170000000800410001702000180005804000690007604100080014524501730015326000280032630000180035449000180037250400410039065000400043165000390047165000380051065000370054865000370058565000440062270000290066670000420069570000200073770000200075770000200077770000260079720140903174945.0130121s2011 dk frn 000 0dspa d a9788792786050 aCO-BoUCMbspacJavier GarzóndAldemar Mondragón (modificó)00aspa00aMovimientos indígenas en América Latina resistencia y nuevos modelos de integracióncAraceli Burguete Cal y Mayor ... [y otros.] ; editora Ana Cecilia Betancur J aCopenhaguebIWGIAc2011 a170 páginas0 aSerie debates aIncluye referencias bibliográficas 4aMovimientos indígenasz México 4aMovimientos indígenasz Colombia 4aMovimientos indígenasz Ecuador 4aMovimientos indígenasz Perú 4aMovimientos indígenaszBolivia 7aMovimientos socialesz América Latina1 aBentacur J., Ana Cecilia1 aBurguete Cal y Mayor, Aracelieeditor1 aChirif, Alberto1 aGarcía, Pedro1 aOrtiz-T., Pablo1 aVilla Rivera, William